| 000 | 00579nam a2200205 a 4500 | ||
|---|---|---|---|
| 005 | 20240215063643.0 | ||
| 008 | 050314s1992 000 eng d | ||
| 020 | _a8487699413 | ||
| 035 | _aUPN01000138166 | ||
| 049 | _aCG | ||
| 050 | 4 |
_aBD161 _bS3.2 |
|
| 100 | 1 | _aSanta Cruz, Juan | |
| 245 | 1 | 3 |
_aEl acceso al sistema del conocimiento / _cJuan Santa Cruz. |
| 260 |
_aMadrid : _bTrotta, _c1992. |
||
| 300 | _a95 p. | ||
| 440 | 0 |
_aEstructuras y procesos. _pCognitiva |
|
| 650 | 4 |
_aTeorĂa del conocimiento _91707 |
|
| 650 | 7 |
_aCiencia cognoscitiva _2 _99878 |
|
| 905 | _aLibro | ||
| 999 |
_c110314 _d110314 |
||